000 01229nam a2200337 a 4500
001 000113248
003 CHAP
005 20240807092127.0
008 170524s2016 mx sm |||||||spa d
010 _a109709
011 _a110681
040 _cCHAP
090 _aTesis
100 1 _aCastillo García, Omar
_9126430
245 1 0 _aCaracterísticas nutricionales y nutracéuticas de cuatro segregantes de capulín (Prunus serotina), en fresco y procesado
_h[En línea]
_cpor Omar Castillo García.
260 _aChapingo, Méx. :
_bEl autor,
_c2016.
500 _aPara ver el contenido del material haga clic en la liga
502 _aTesis (M.C. en Ciencia y Tecnología Agroalimentaria) -- UACH. Departamento de Ingeniería Agroindustrial
590 _aBATCH
_b00
_c20181121
590 _aE5765TAJ
_b05
_c20170524
590 _aE5765TAJ
_b05
_c20170524
650 1 4 _aCapulín
_xAntioxidantes.
_9129947
650 1 4 _aCapulín
_xBotánica médica.
_9132344
650 1 4 _aCapulín
_xProcesado.
_918752
650 1 4 _aCapulín
_xValor nutritivo.
_9132343
856 _a1
_n0001409
856 _aFinding aid
_uhttp://10.13.5.2/tesis/sist113248.pdf
_zTeclea aquí
901 _aBK
942 _cTESIS
_2ddc
942 _n0
_2ddc
999 _c109709
_d109709